[Event "Oberliga NRW 1920"]
[Site "Germany"]
[Date "2019.12.15"]
[Round "4.7"]
[White "Kitte, Sebastian"]
[Black "Cebulla, Konstantin"]
[Result "1-0"]
[WhiteElo "2177"]
[BlackElo "2086"]
[PlyCount "79"]
[EventDate "2019.09.15"]
[EventType "team-tourn"]
[EventRounds "9"]
[EventCountry "GER"]
[SourceTitle "EXT 2022"]
[Source "ChessBase"]
[SourceDate "2021.10.06"]
[SourceVersion "1"]
[SourceVersionDate "2021.10.06"]
[SourceQuality "1"]
[WhiteTeam "Bochum SG"]
[BlackTeam "Dinslaken"]
[WhiteTeamCountry "GER"]
[BlackTeamCountry "GER"]

1. d4 d5 2. c4 e6 3. Nc3 Be7 4. Nf3 Nf6 5. Bg5 Nbd7 6. e3 0-0 7. cxd5 exd5 8. Bd3 Re8 9. 0-0 c6 10. Qc2 g6 11. Rab1 Nh5 12. Bxe7 Qxe7 13. b4 a6 14. Na4 Ng7 15. Nc5 Nf6 16. h3 Bf5 17. a4 Bxd3 18. Nxd3 Rec8 19. Rfc1 Ne4 20. b5 axb5 21. axb5 Ne6 22. bxc6 bxc6 23. Nb4 Qd6 24. Nd3 c5 25. dxc5 N6xc5 26. Nxc5 Rxc5 27. Qb2 Rac8 28. Rxc5 Qxc5 29. Nd4 h5 30. h4 Qc4 31. g3 Qc5 32. Kg2 Qc4 33. Qb7 Rc7 34. Qb8+ Kg7 35. Rb2 Qc1 36. Rb1 Qd2 37. Qxc7 Qxf2+ 38. Kh3 g5 39. Qe5+ Kh7 40. Qf5+ 1-0

[Event "Oberliga NRW 1314"]
[Site "Germany"]
[Date "2013.09.15"]
[Round "1.7"]
[White "Smit, Erik"]
[Black "Cebulla, Konstantin"]
[Result "1/2-1/2"]
[WhiteElo "2187"]
[BlackElo "2046"]
[PlyCount "43"]
[EventDate "2013.09.15"]
[EventType "team-tourn"]
[EventRounds "9"]
[EventCountry "GER"]
[SourceTitle "EXT 2015"]
[Source "ChessBase"]
[SourceDate "2014.11.20"]
[SourceVersion "1"]
[SourceVersionDate "2014.11.20"]
[SourceQuality "1"]
[WhiteTeam "Emsdetten Turm II"]
[BlackTeam "Dinslaken"]
[WhiteTeamCountry "GER"]
[BlackTeamCountry "GER"]

1. d4 d5 2. Nf3 Nf6 3. c4 e6 4. Nc3 Nbd7 5. Qc2 c5 6. e3 Be7 7. Be2 dxc4 8. Bxc4 a6 9. a4 b6 10. 0-0 Bb7 11. Rd1 Qc7 12. d5 exd5 13. Nxd5 Nxd5 14. Bxd5 Nf6 15. Bxb7 Qxb7 16. b3 0-0 17. Bb2 Rfd8 18. h3 Ne4 19. Ne5 Bf6 20. f3 Ng5 21. Rxd8+ Rxd8 22. Rd1 1/2-1/2

[Event "Latschach op 29th"]
[Site "Latschach"]
[Date "2013.08.15"]
[Round "7"]
[White "Spindelboeck, Gernot"]
[Black "Cebulla, Konstantin"]
[Result "1/2-1/2"]
[WhiteElo "2277"]
[BlackElo "2025"]
[PlyCount "86"]
[EventDate "2013.08.10"]
[EventType "swiss"]
[EventRounds "9"]
[EventCountry "AUT"]
[SourceTitle "CBM 155 Extra"]
[Source "ChessBase"]
[SourceDate "2013.08.26"]
[SourceVersion "1"]
[SourceVersionDate "2013.08.26"]
[SourceQuality "1"]

1. Nf3 d5 2. c4 e6 3. b3 Nf6 4. g3 a5 5. Bg2 a4 6. 0-0 c6 7. d4 axb3 8. Qxb3 Nbd7 9. Nc3 Bd6 10. c5 Bc7 11. Bf4 0-0 12. Qc2 Re8 13. e4 Bxf4 14. gxf4 Nxe4 15. Nxe4 dxe4 16. Qxe4 Nf6 17. Qe5 Nd7 18. Qe3 Nf8 19. Ne5 Ng6 20. Be4 Ne7 21. Rfd1 Nd5 22. Qh3 g6 23. Nxf7 Nxf4 24. Qf3 Kxf7 25. Qxf4+ Kg7 26. Qe5+ Qf6 27. Rd2 Ra3 28. Rad1 Rf8 29. Qxf6+ Rxf6 30. Rb1 Rf4 31. f3 Kf6 32. Kg2 h6 33. Rb3 Ra4 34. Kf2 g5 35. Ke3 Ke7 36. Rdb2 Ra7 37. Rg2 Kf6 38. Rd2 Ke7 39. Rb6 Kd7 40. Rb3 Ke7 41. Rg2 Kf6 42. Rb6 Ra3+ 43. Rb3 Ra7 1/2-1/2

[Event "Latschach op 29th"]
[Site "Latschach"]
[Date "2013.08.14"]
[Round "6"]
[White "Cebulla, Konstantin"]
[Black "Mundorf, Johannes"]
[Result "1-0"]
[WhiteElo "2025"]
[BlackElo "2205"]
[PlyCount "111"]
[EventDate "2013.08.10"]
[EventType "swiss"]
[EventRounds "9"]
[EventCountry "AUT"]
[SourceTitle "CBM 155 Extra"]
[Source "ChessBase"]
[SourceDate "2013.08.26"]
[SourceVersion "1"]
[SourceVersionDate "2013.08.26"]
[SourceQuality "1"]

1. d4 e6 2. Nf3 f5 3. g3 Nf6 4. c4 d5 5. Bg2 c6 6. 0-0 Bd6 7. Nc3 0-0 8. Qc2 Qe7 9. Rb1 a5 10. a3 Nbd7 11. Bf4 Bxf4 12. gxf4 Ne4 13. b4 Ndf6 14. Na4 axb4 15. axb4 dxc4 16. Nb6 Ra6 17. Nxc4 Nd5 18. e3 Nxb4 19. Qb2 Nd5 20. Ra1 b5 21. Nce5 b4 22. Nd3 Rb6 23. Rfc1 Ndc3 24. Nfe5 Qb7 25. Bxe4 Nxe4 26. Nc5 Nxc5 27. Rxc5 b3 28. Ra3 Bd7 29. Rca5 Be8 30. Ra7 Qc8 31. d5 Qd8 32. Nc4 Rf6 33. Nxb6 Qxb6 34. Qxb3 Qc5 35. Ra1 cxd5 36. Ra8 Qc6 37. Qa4 Qxa4 38. R1xa4 Rf8 39. Rb4 Bh5 40. Ra7 Bf3 41. Rbb7 Rc8 42. Rxg7+ Kf8 43. Raf7+ Ke8 44. Rg8+ Kxf7 45. Rxc8 h5 46. Rb8 Ke7 47. h4 d4 48. exd4 Kd6 49. Rb5 Kc6 50. Rc5+ Kd6 51. Kf1 Bh1 52. Ke2 Bb7 53. Ke3 Ba6 54. Ra5 Bb7 55. Ra7 Kc6 56. d5+ 1-0

[Event "Latschach op 29th"]
[Site "Latschach"]
[Date "2013.08.12"]
[Round "4"]
[White "Pardo Simon, David"]
[Black "Cebulla, Konstantin"]
[Result "1-0"]
[WhiteElo "2445"]
[BlackElo "2025"]
[PlyCount "91"]
[EventDate "2013.08.10"]
[EventType "swiss"]
[EventRounds "9"]
[EventCountry "AUT"]
[SourceTitle "CBM 155 Extra"]
[Source "ChessBase"]
[SourceDate "2013.08.26"]
[SourceVersion "1"]
[SourceVersionDate "2013.08.26"]
[SourceQuality "1"]

1. d4 e6 2. c4 d5 3. Nc3 Nf6 4. cxd5 exd5 5. Bg5 Nbd7 6. e3 Be7 7. Bd3 c6 8. Qc2 Nh5 9. Bxe7 Qxe7 10. 0-0-0 Nb6 11. Kb1 g6 12. Nge2 Be6 13. f3 0-0-0 14. Rhe1 Qc7 15. h3 Kb8 16. Nc1 f5 17. N3e2 Ng3 18. Nf4 Qf7 19. Qf2 Nh5 20. Nxh5 gxh5 21. Ne2 Rdg8 22. Nf4 Rg7 23. Qh4 Rhg8 24. Nxe6 Qxe6 25. Qf4+ Ka8 26. Bxf5 Qe7 27. g4 Nc4 28. e4 Qh4 29. b3 Na3+ 30. Kb2 Nb5 31. exd5 Qf2+ 32. Qd2 Qxf3 33. Be4 Qxh3 34. dxc6 Rxg4 35. cxb7+ Kb8 36. Bf5 Qf3 37. Bxg4 hxg4 38. Re3 Qf6 39. Qh2+ Kxb7 40. Qxh7+ Kb6 41. Qxg8 Qf2+ 42. Ka1 Qxe3 43. Qd8+ Ka6 44. Qc8+ Ka5 45. Qc1 Qe4 46. a4 1-0

[Event "Latschach op 29th"]
[Site "Latschach"]
[Date "2013.08.11"]
[Round "3"]
[White "Krebs, Johann"]
[Black "Cebulla, Konstantin"]
[Result "0-1"]
[WhiteElo "2271"]
[BlackElo "2025"]
[PlyCount "48"]
[EventDate "2013.08.10"]
[EventType "swiss"]
[EventRounds "9"]
[EventCountry "AUT"]
[SourceTitle "CBM 155 Extra"]
[Source "ChessBase"]
[SourceDate "2013.08.26"]
[SourceVersion "1"]
[SourceVersionDate "2013.08.26"]
[SourceQuality "1"]

1. d4 d5 2. c4 e6 3. Nc3 c5 4. cxd5 cxd4 5. Qa4+ Bd7 6. Qxd4 exd5 7. Qxd5 Nc6 8. e4 Nf6 9. Qd1 Bc5 10. Qd2 Qe7 11. Bd3 0-0-0 12. Nge2 Ng4 13. 0-0 Qh4 14. Qf4 Be6 15. Nb5 Nce5 16. Be3 g5 17. Nxa7+ Kb8 18. Qxe5+ Nxe5 19. Bxc5 Nxd3 20. Be3 Nf4 21. Ng3 Bh3 22. Rfc1 Bxg2 23. Rc3 Bxe4 24. Nb5 Qh3 0-1

[Event "Niederrhein-ch"]
[Site "Krefeld"]
[Date "2013.03.27"]
[Round "5"]
[White "Heinert, Eugen"]
[Black "Cebulla, Konstantin"]
[Result "1-0"]
[WhiteElo "2050"]
[BlackElo "2137"]
[PlyCount "57"]
[EventDate "2013.03.23"]
[EventType "swiss"]
[EventRounds "7"]
[EventCountry "GER"]
[SourceTitle "EXT 2015"]
[Source "ChessBase"]
[SourceDate "2014.11.20"]
[SourceVersion "1"]
[SourceVersionDate "2014.11.20"]
[SourceQuality "1"]

1. d4 e6 2. Nf3 f5 3. c4 Nf6 4. Nc3 Bb4 5. Qb3 Qe7 6. Bf4 Bxc3+ 7. Qxc3 d6 8. e3 0-0 9. h3 b6 10. Be2 Bb7 11. g4 Ne4 12. Qc2 g5 13. Bh2 fxg4 14. hxg4 Nd7 15. Rg1 Rf7 16. d5 exd5 17. Nd4 Nxf2 18. Nf5 Rxf5 19. gxf5 Qxe3 20. Rg3 Qf4 21. Rg2 Qe4 22. Rxg5+ Kf7 23. Qc3 Qh1+ 24. Bg1 Qh6 25. Rh5 Qf6 26. Rxh7+ Kg8 27. Qxf6 Nxf6 28. Rxc7 Nh3 29. Bd4 1-0

[Event "NRW Class1 1213"]
[Site "Germany"]
[Date "2012.11.18"]
[Round "3.5"]
[White "Cebulla, Konstantin"]
[Black "Huelsmann, Josef"]
[Result "1-0"]
[WhiteElo "2142"]
[BlackElo "2128"]
[PlyCount "125"]
[EventDate "2012.09.16"]
[EventType "team-tourn"]
[EventRounds "9"]
[EventCountry "GER"]
[SourceTitle "EXT 2017"]
[Source "ChessBase"]
[SourceDate "2016.10.25"]
[SourceVersion "1"]
[SourceVersionDate "2016.10.25"]
[SourceQuality "1"]
[WhiteTeam "Dinslaken"]
[BlackTeam "Langenfeld"]
[WhiteTeamCountry "GER"]
[BlackTeamCountry "GER"]

1. d4 e6 2. c4 d5 3. Nf3 c6 4. Qc2 f5 5. Bf4 Nf6 6. Nc3 Be7 7. e3 0-0 8. Bd3 Bd7 9. Ne5 Kh8 10. h3 Be8 11. g4 g6 12. 0-0-0 Nbd7 13. f3 Rc8 14. c5 Ng8 15. h4 Bf6 16. Nxd7 Qxd7 17. g5 Bg7 18. Bd6 Ne7 19. f4 Rg8 20. Be2 h5 21. gxh6 Bxh6 22. Nb1 b6 23. b4 a5 24. bxa5 bxa5 25. Nd2 e5 26. Bxe5+ Bg7 27. Nf3 Qb7 28. Kd2 Qb4+ 29. Qc3 Qa4 30. Qb3 Qxb3 31. axb3 Ra8 32. Ra1 Bxe5 33. Nxe5 Rg7 34. Ra4 Ng8 35. Rha1 Rb8 36. Kc3 Rgb7 37. R1a3 Nf6 38. Bf3 Rh7 39. Rxa5 Rxh4 40. Ra8 Rxa8 41. Rxa8 Kg7 42. Ra1 Rh3 43. Re1 Rg3 44. Kd3 Rh3 45. Re2 Rg3 46. Rg2 Rxg2 47. Bxg2 Kf8 48. Bf3 Ke7 49. Kc3 Kd8 50. Kb4 Kc7 51. Ka5 Kb7 52. b4 Ka7 53. Nd3 Ng4 54. b5 Nxe3 55. b6+ Kb7 56. Kb4 Nf1 57. Kc3 Ng3 58. Kd2 Nh5 59. Bxh5 gxh5 60. Ke3 Bd7 61. Ne5 Bc8 62. Kf2 h4 63. Kg2 1-0

[Event "Dortmund Sparkassen op-A"]
[Site "Dortmund"]
[Date "2012.07.14"]
[Round "1"]
[White "Wagner, Alexej"]
[Black "Cebulla, Konstantin"]
[Result "1/2-1/2"]
[WhiteElo "2216"]
[BlackElo "1977"]
[PlyCount "147"]
[EventDate "2012.07.14"]
[EventType "swiss"]
[EventRounds "9"]
[EventCountry "GER"]
[SourceTitle "CBM 149 Extra"]
[Source "ChessBase"]
[SourceDate "2012.08.24"]
[SourceVersion "1"]
[SourceVersionDate "2012.08.24"]
[SourceQuality "1"]

1. d4 e6 2. c4 d5 3. Nc3 Be7 4. Nf3 Nf6 5. cxd5 exd5 6. Bg5 c6 7. Qc2 g6 8. e3 Bf5 9. Bd3 Bxd3 10. Qxd3 0-0 11. 0-0 Nbd7 12. h3 Nh5 13. Bxe7 Qxe7 14. b4 a6 15. a4 Nb6 16. Nd2 Nf6 17. Rfe1 Rfe8 18. Rab1 Ne4 19. Ncxe4 dxe4 20. Qc2 Nd5 21. Qc5 a5 22. b5 Qxc5 23. dxc5 Nc3 24. bxc6 Nxb1 25. Rxb1 bxc6 26. Rb6 Reb8 27. Rxc6 Rc8 28. Rb6 Rxc5 29. Nxe4 Rc4 30. Nd6 Rxa4 31. Rb7 Rb4 32. Rc7 Rf8 33. Ra7 a4 34. Kh2 Kg7 35. f3 Kf6 36. Ne4+ Kg7 37. Nc5 Rc8 38. Rxa4 Rxa4 39. Nxa4 Kf6 40. Nb6 Rd8 41. Nc4 h5 42. Kg3 Ra8 43. Nb6 Rd8 44. Nc4 Rb8 45. Nd6 Rb3 46. Nc4 h4+ 47. Kf2 Rc3 48. Nd2 Ke5 49. Ke2 f5 50. f4+ Kd5 51. Nf3 Rc2+ 52. Nd2 Ra2 53. Kd3 Ke6 54. Ke2 Kf6 55. Ke1 g5 56. fxg5+ Kxg5 57. Nf3+ Kh5 58. Kf1 Ra4 59. Ke1 Kg6 60. Kf1 Kf6 61. Ke1 Ke6 62. Kf1 Kd5 63. Kg1 Re4 64. Kf2 Kc5 65. Nd2 Ra4 66. Nf3 Kd5 67. Kg1 Ke4 68. Nxh4 Ra2 69. Kf1 Ra3 70. Kf2 Ra2+ 71. Kf1 Rb2 72. Ke1 Rb8 73. Ke2 Rg8 74. Kf2 1/2-1/2

[Event "Niederrhein-ch "]
[Site "Krefeld"]
[Date "2012.03.31"]
[Round "1"]
[White "Cebulla, Konstantin"]
[Black "Klasmeier, Mario"]
[Result "1-0"]
[WhiteElo "2045"]
[BlackElo "1853"]
[PlyCount "149"]
[EventDate "2012.03.31"]
[EventType "swiss"]
[EventRounds "7"]
[EventCountry "GER"]
[SourceTitle "EXT 2014"]
[Source "ChessBase"]
[SourceDate "2013.11.20"]
[SourceVersion "1"]
[SourceVersionDate "2013.11.20"]
[SourceQuality "1"]

1. d4 Nf6 2. c4 e6 3. g3 Bb4+ 4. Bd2 Qe7 5. Bg2 0-0 6. e4 d5 7. e5 Ne4 8. Ne2 Nxd2 9. Nxd2 dxc4 10. 0-0 Bxd2 11. Qxd2 Nd7 12. Qc2 Nb6 13. Nc3 c6 14. Ne4 Rd8 15. Nd6 Rxd6 16. exd6 Qxd6 17. Rad1 Bd7 18. Rfe1 Rf8 19. Bf1 c5 20. dxc5 Qxc5 21. Bxc4 Rc8 22. b3 g6 23. Qd2 Bc6 24. Bf1 Qf5 25. Qd3 Qf6 26. Bg2 Nd5 27. Qd4 Qd8 28. Rd2 a6 29. Bh3 Bd7 30. Bg2 Bc6 31. h4 Qa5 32. Bh3 Bd7 33. h5 gxh5 34. Re5 Rc1+ 35. Kh2 Bc6 36. Bg2 Qc3 37. Qxc3 Rxc3 38. Rxh5 Kg7 39. Rh4 Rc1 40. Be4 h6 41. Kg2 Re1 42. Bf3 Re5 43. a4 Re1 44. Rc4 Rb1 45. Rd3 f5 46. Rh4 Rb2 47. Kf1 a5 48. Rc4 Kf6 49. Rc5 Nb4 50. Rdc3 Rb1+ 51. Ke2 Rb2+ 52. Ke3 Bd5 53. Rxa5 Bxb3 54. Bxb7 Bd5 55. Bxd5 Nxd5+ 56. Rxd5 exd5 57. Ra3 Ke5 58. f4+ Kd6 59. a5 Rb8 60. a6 Kc5 61. a7 Ra8 62. Kd3 Kb6 63. Kd4 Kb7 64. Kxd5 Rd8+ 65. Ke6 Ka8 66. Kxf5 Rg8 67. Kf6 h5 68. Kf7 Rg4 69. f5 h4 70. gxh4 Rxh4 71. f6 Rf4 72. Kg7 Rg4+ 73. Kf8 Rf4 74. f7 Rf2 75. Ra5 1-0